[Event "18th American Continental"]
[Site "Foz do Iguacu BRA"]
[Date "2025.05.26"]
[Round "6.62"]
[White "Medero Mino, Leon"]
[Black "Martins, Vinicius Tine"]
[Result "0-1"]
[BlackTitle "FM"]
[WhiteElo "1843"]
[BlackElo "2257"]
[WhiteFideId "20027290"]
[BlackFideId "2112884"]
[EventDate "2025.05.23"]

1. d4 Nf6 2. Nf3 e6 3. Bg5 c5 4. e3 Be7 5. Nbd2 cxd4 6. exd4 d6 7. c3 O-O 8. Bd3
b6 9. Qc2 Nbd7 10. Ne4 h6 11. Bxf6 Nxf6 12. Nxf6+ Bxf6 13. Be4 Rb8 14. h4 Bb7
15. Bxb7 Rxb7 16. g4 g6 17. g5 hxg5 18. hxg5 Bg7 19. Qe4 Rc7 20. O-O-O b5 21.
Rh2 Qa8 22. Qh4 Rfc8 23. Rdh1 Kf8 24. Qf4 Qd5 25. Kb1 Qf5+ 26. Qxf5 exf5 27. Re1
a5 28. Rhh1 Rb7 29. Rc1 b4 30. cxb4 Rcb8 31. a3 axb4 32. a4 b3 33. Rc6 Ra7 34.
Rxd6 Rxa4 35. Nd2 Rxd4 36. Rxd4 Bxd4 37. f4 Re8 38. Nxb3 Be3 39. Rh8+ Ke7 40.
Rh4 Rc8 41. Na5 Ke6 42. b3 Rc1+ 43. Kb2 Rf1 44. Nc6 Bxf4 45. Rh7 Bxg5 46. b4
Bf6+ 47. Kb3 f4 48. Kc2 f3 0-1

[Event "18th American Continental"]
[Site "Foz do Iguacu BRA"]
[Date "2025.05.26"]
[Round "6.63"]
[White "Zallio, Luciano de Souza"]
[Black "Caceres Benitez, Fernando Israel"]
[Result "1-0"]
[WhiteTitle "CM"]
[WhiteElo "2243"]
[BlackElo "1929"]
[WhiteFideId "2109700"]
[BlackFideId "3710777"]
[EventDate "2025.05.23"]

1. Nf3 Nf6 2. b3 c5 3. Bb2 Nc6 4. g3 b6 5. Bg2 Bb7 6. O-O g6 7. c4 Bg7 8. Nc3
O-O 9. d4 Nxd4 10. Nxd4 Bxg2 11. Kxg2 cxd4 12. Qxd4 Ne8 13. Qd2 Nc7 14. Rad1 d6
15. e4 f5 16. f4 Qd7 17. Rfe1 Rfe8 18. Kg1 Rad8 19. e5 Qc6 20. Nd5 Nxd5 21. cxd5
Qc5+ 22. Kg2 dxe5 23. fxe5 Qb5 24. Re2 Rd7 25. Qd3 Qxd3 26. Rxd3 Red8 27. Red2
Bh6 28. Rd1 Rc8 29. Rc3 Rdc7 30. Rdd3 Kf7 31. h4 Bc1 32. e6+ Ke8 33. Rxc7 Rxc7
34. Rc3 Rxc3 35. Bxc3 Be3 36. Kf3 Bc5 37. Kf4 Bd6+ 38. Be5 Kf8 39. h5 Bxe5+ 40.
Kxe5 Ke8 41. a4 a5 42. hxg6 hxg6 43. d6 exd6+ 44. Kxd6 g5 45. Ke5 g4 46. Kxf5
Ke7 47. Ke5 Ke8 48. Kd6 Kd8 49. e7+ Ke8 50. Ke6 b5 51. axb5 a4 52. b6 1-0

[Event "18th American Continental"]
[Site "Foz do Iguacu BRA"]
[Date "2025.05.26"]
[Round "6.64"]
[White "Cella, Glaucio Dalla Cortt"]
[Black "Lima, Stefan Moisei VIeira"]
[Result "1/2-1/2"]
[BlackTitle "FM"]
[WhiteElo "1936"]
[BlackElo "2241"]
[WhiteFideId "2119455"]
[BlackFideId "22782273"]
[EventDate "2025.05.23"]

1. e4 e5 2. Nf3 Nc6 3. d4 exd4 4. Bc4 Nf6 5. e5 d5 6. Bb5 Nd7 7. O-O Be7 8. Re1
O-O 9. Bxc6 bxc6 10. Nxd4 Nb8 11. Nc3 c5 12. Nf3 Be6 13. Ne2 Nc6 14. h3 Rb8 15.
Nf4 Qd7 16. b3 a5 17. a4 Rfd8 18. Nxe6 Qxe6 19. Qe2 h6 20. Ba3 Rd7 21. Qe3 Nb4
22. Bxb4 Rxb4 23. Nd2 Bg5 24. Qe2 Bxd2 25. Qxd2 d4 26. Qd3 c4 27. bxc4 Qxc4 28.
e6 fxe6 29. Qg6 Re7 30. Re5 Rb8 31. Rae1 Qxa4 32. Rxe6 Rxe6 33. Rxe6 Qd7 34. Qe4
a4 35. Re7 Qd6 36. Re8+ Rxe8 37. Qxe8+ Kh7 38. Qxa4 Qd5 39. g4 c5 40. Qb5 Qe5
41. Qd3+ Kg8 42. Kg2 Qd5+ 43. f3 c4 44. Qe2 Kf7 45. h4 Kf6 46. Qe8 d3 47. cxd3
cxd3 48. Qf8+ Kg6 49. Qe8+ Kh7 50. h5 Qd6 51. Qe4+ Kg8 52. Qe8+ 1/2-1/2

[Event "18th American Continental"]
[Site "Foz do Iguacu BRA"]
[Date "2025.05.26"]
[Round "6.65"]
[White "Simao, Diogo Roger De Sousa"]
[Black "Aguinaga, Maximiliano"]
[Result "0-1"]
[WhiteElo "1934"]
[BlackElo "2226"]
[WhiteFideId "2117215"]
[BlackFideId "119300"]
[EventDate "2025.05.23"]

1. d4 f5 2. Nf3 Nf6 3. c4 g6 4. Nc3 Bg7 5. Bf4 d6 6. e3 e6 7. Be2 O-O 8. h4 h6
9. Qc2 b6 10. Nd2 Bb7 11. O-O-O Nbd7 12. Rhg1 e5 13. dxe5 dxe5 14. Bh2 h5 15. f3
Bh6 16. Nf1 e4 17. Nb5 Ne8 18. Qd2 Rf7 19. c5 Kh7 20. Bc4 Re7 21. g4 a6 22. Nc3
hxg4 23. fxg4 fxg4 24. Nd5 Rg7 25. Nf4 Qf6 26. Ne6 Re7 27. Ng5+ Kh8 28. Rxg4
Nxc5 29. Rf4 Qc6 30. Kb1 Nd6 31. Bd5 Qxd5 32. Qxd5 Bxd5 33. Rxd5 Nf5 34. Rg4
Rae8 35. Be5+ Kg8 36. Bf6 Rd7 37. Rxd7 Nxd7 38. Bc3 Bxg5 39. hxg5 Kf7 40. Rf4
Kg8 41. Kc1 Ne5 42. Bxe5 Rxe5 43. Kd2 Nd6 44. Rg4 Kf7 45. Ng3 Ke6 46. b3 Kd5 47.
Ne2 Ke6 48. Nf4+ Kf5 49. Rg2 Nf7 50. Nh3 Rd5+ 51. Ke2 Ne5 52. Nf4 Rc5 53. Kd1
Ng4 54. Kd2 Ne5 55. Ne2 Nf3+ 56. Kd1 Rd5+ 57. Kc1 Nxg5 58. Nd4+ Kf6 59. Rg4 c5
60. Rf4+ Kg7 61. Nc6 Rd3 62. Rg4 Kf6 63. Rf4+ Ke6 64. Rg4 Rd5 65. Nb8 a5 66. Nc6
Kf6 67. Na7 Rd3 68. Rf4+ Kg7 69. Rg4 Rd5 70. Nb5 Re5 71. Nd6 Kf6 72. Nc4 Re6 73.
a4 Nf7 74. Kd1 g5 75. Ke2 Kf5 76. Rg1 Ne5 77. Nd2 g4 78. Rh1 Nf3 79. Nf1 Ng5 80.
Rh8 Rd6 81. Ng3+ Ke5 82. Rh5 Rg6 83. Rh8 Ne6 84. Rh5+ Rg5 85. Rh6 Kd5 86. Rf6
Re5 87. Rg6 c4 88. bxc4+ Kxc4 89. Rxg4 Kd5 90. Rg6 Rg5 91. Rxg5+ Nxg5 92. Nf5
Ne6 93. Ne7+ Kd6 94. Nc8+ Kc5 95. Kd2 Nc7 96. Kc3 Nd5+ 97. Kd2 Kb4 98. Nd6 Nf6
99. Nc8 Nd7 100. Nd6 Nc5 0-1

[Event "18th American Continental"]
[Site "Foz do Iguacu BRA"]
[Date "2025.05.26"]
[Round "6.66"]
[White "Silva, Adriano Da"]
[Black "Requejo Cotrina, Oswaldo Valentin"]
[Result "0-1"]
[BlackTitle "FM"]
[WhiteElo "1924"]
[BlackElo "2184"]
[WhiteFideId "2128675"]
[BlackFideId "3800423"]
[EventDate "2025.05.23"]

1. c4 e5 2. Nc3 Nf6 3. g3 d5 4. cxd5 Nxd5 5. Bg2 Nb6 6. d3 Be7 7. Nf3 Nc6 8. O-O
O-O 9. b3 f5 10. Bb2 Bf6 11. Qd2 Nd4 12. Ne1 f4 13. Ne4 c6 14. e3 Ne6 15. exf4
exf4 16. Nxf6+ gxf6 17. Nf3 Nd5 18. b4 Qd6 19. a3 Bd7 20. Rfe1 Rf7 21. Re2 Rg7
22. Kh1 Rf8 23. Rae1 Ng5 24. Nxg5 Rxg5 25. Qc1 Bg4 26. Re8 Rh5 27. Qc4 Rxe8 28.
Rxe8+ Kf7 29. Re1 fxg3 30. fxg3 Qxg3 31. Bxd5+ cxd5 32. Qxd5+ Rxd5 33. hxg3 Rxd3
34. Rf1 f5 35. Kg2 Ke6 36. Rf2 Kd5 37. Rc2 Bf3+ 38. Kf2 Be4 39. Rc5+ Ke6 40. Be5
b6 0-1

[Event "18th American Continental"]
[Site "Foz do Iguacu BRA"]
[Date "2025.05.26"]
[Round "6.67"]
[White "Pereira Vera, Henry Alberto"]
[Black "Cantero, Rodolfo"]
[Result "1-0"]
[BlackTitle "CM"]
[WhiteElo "1913"]
[BlackElo "2179"]
[WhiteFideId "4433270"]
[BlackFideId "3703762"]
[EventDate "2025.05.23"]

1. b3 e5 2. Bb2 Nc6 3. e3 d5 4. Bb5 Bd6 5. Nf3 Qe7 6. d4 e4 7. Ne5 Qg5 8. Nxc6
Qxg2 9. Rf1 Bd7 10. Nxa7 Rxa7 11. Bxd7+ Kxd7 12. Nc3 c6 13. Qh5 g6 14. Qh4 Qxh2
15. Qg4+ f5 16. Qe2 Bb4 17. a3 Bxc3+ 18. Bxc3 Nf6 19. Bb4 f4 20. O-O-O f3 21.
Qd2 h5 22. Qc3 Qb8 23. Qc5 Rh7 24. Rh1 b6 25. Qc3 g5 26. a4 h4 27. Kb2 h3 28. a5
bxa5 29. Bxa5 Qb5 30. Ra1 h2 31. Ra4 Ng4 32. Rb4 Qxa5 33. Rb7+ Rxb7 34. Qxa5 Rh8
35. c4 Nf6 36. Qa6 Rc7 37. b4 Ng4 38. b5 Rb8 39. b6 Rcb7 40. c5 Ke6 41. Qa2 Rc8
42. Qa6 Rcb8 43. Qa4 Kd7 44. Qa6 Kd8 45. Qa4 Rc8 46. Qa5 Nxf2 47. Rxh2 Nd3+ 48.
Kc2 f2 49. Rh1 g4 50. Kc3 g3 51. Qa6 Rcb8 52. Qa4 g2 53. Rh8+ Ke7 54. Rh7+ Kf8
55. Rxb7 Re8 56. Qxc6 g1=Q 57. Qh6+ Kg8 58. Qh7+ 1-0

[Event "18th American Continental"]
[Site "Foz do Iguacu BRA"]
[Date "2025.05.26"]
[Round "6.68"]
[White "Almeida Junior, Alvaro Alves de"]
[Black "Morales Flores, Monserrat"]
[Result "1-0"]
[BlackTitle "WCM"]
[WhiteElo "2179"]
[BlackElo "1919"]
[WhiteFideId "2149974"]
[BlackFideId "3412016"]
[EventDate "2025.05.23"]

1. e4 c5 2. Nc3 e6 3. Nge2 a6 4. g3 Nc6 5. Bg2 Nf6 6. O-O Be7 7. d4 cxd4 8. Nxd4
Qc7 9. Nb3 Ne5 10. h3 d6 11. Nd2 h5 12. Qe2 Qb6 13. Nc4 Nxc4 14. Qxc4 Bd7 15.
Be3 Qc6 16. Qd3 e5 17. f4 Rc8 18. Rf2 Qc4 19. Rd1 b5 20. a3 Be6 21. Qd2 b4 22.
axb4 Qxb4 23. Nd5 Qxd2 24. Rdxd2 Bxd5 25. exd5 exf4 26. Rxf4 Bd8 27. Bf1 a5 28.
Bb5+ Kf8 29. Bc6 Rb8 30. b3 Bb6 31. Bxb6 Rxb6 32. Ra4 g5 33. Rxa5 Kg7 34. Rd4
Rd8 35. Ra7 Kg6 36. Kg2 Rdb8 37. Raa4 Ng8 38. Re4 Nf6 39. Re7 Rc8 40. Raa7 Rbxc6
41. dxc6 Rxc6 42. Rac7 1-0

[Event "18th American Continental"]
[Site "Foz do Iguacu BRA"]
[Date "2025.05.26"]
[Round "6.69"]
[White "Lira, Suan Bruno Fernandes"]
[Black "Bulhoes, Benicio Rocha"]
[Result "1/2-1/2"]
[WhiteElo "2163"]
[BlackElo "1918"]
[WhiteFideId "22794620"]
[BlackFideId "44704879"]
[EventDate "2025.05.23"]

1. e4 e5 2. Nf3 Nc6 3. Bb5 a6 4. Ba4 Nf6 5. d3 b5 6. Bb3 Be7 7. a4 Rb8 8. O-O d6
9. h3 O-O 10. axb5 axb5 11. Re1 h6 12. c4 bxc4 13. dxc4 Nd4 14. Nxd4 exd4 15.
Bc2 c5 16. Ra3 Re8 17. Rg3 Kh7 18. Qd3 Bf8 19. f4 g6 20. Qf1 Bg7 21. e5 Qe7 22.
exf6 Qxe1 23. fxg7 Kxg7 24. Rf3 Bf5 25. Bxf5 gxf5 26. Na3 Ra8 27. Qxe1 Rxe1+ 28.
Rf1 Rxf1+ 29. Kxf1 Kf6 30. Ke2 Ke7 31. Bd2 Ra7 32. g4 Ra8 33. Nb5 Ra1 34. Be1
fxg4 35. hxg4 Rb1 36. b4 d3+ 37. Kd2 cxb4 38. Bh4+ Kd7 39. Bf6 Rf1 40. Kxd3 Rxf4
41. Bg7 Rxg4 42. Bxh6 Rg3+ 43. Kc2 Rg6 44. Bf4 Rg4 45. Bxd6 Rxc4+ 46. Kb3 1/2-1/2

[Event "18th American Continental"]
[Site "Foz do Iguacu BRA"]
[Date "2025.05.26"]
[Round "6.70"]
[White "Roselli, Danilo Palomares"]
[Black "Dauer, Andre Leonardo"]
[Result "1-0"]
[BlackTitle "CM"]
[WhiteElo "1885"]
[BlackElo "2138"]
[WhiteFideId "2103826"]
[BlackFideId "2126915"]
[EventDate "2025.05.23"]

1. b3 e5 2. Bb2 Nc6 3. e3 Nf6 4. Bb5 e4 5. Ne2 Ne7 6. Ng3 Ng6 7. O-O c6 8. Be2
d5 9. c4 h5 10. Re1 Ng4 11. cxd5 Qh4 12. Bxg4 hxg4 13. Nc3 Qxh2+ 14. Kf1 Nh4 15.
Ncxe4 Qxg2+ 16. Ke2 cxd5 17. Ng5 Nf3 18. Nxf3 gxf3+ 19. Kd3 Qxf2 20. Be5 b6 21.
Kc3 Ba6 22. Nf5 Ba3 23. b4 Rc8+ 24. Kb3 Bd3 25. Nd6+ Kd7 26. Nxc8 Rxc8 27. Kxa3
b5 28. Bc3 a5 29. Rf1 axb4+ 30. Bxb4 Ra8+ 31. Kb2 Qh4 32. a3 Bxf1 33. Qxf1 Qc4
34. Qxf3 f6 35. Qf5+ Kd8 36. Qe6 1-0

[Event "18th American Continental"]
[Site "Foz do Iguacu BRA"]
[Date "2025.05.26"]
[Round "6.71"]
[White "Pironti, Francisco Ferrari"]
[Black "Pessoa, Marcio de Souza"]
[Result "0-1"]
[WhiteElo "2100"]
[BlackElo "1912"]
[WhiteFideId "22782311"]
[BlackFideId "2127180"]
[EventDate "2025.05.23"]

1. e4 c6 2. d4 d5 3. e5 Bf5 4. Nf3 e6 5. Be2 c5 6. O-O Nc6 7. c3 Nge7 8. dxc5
Ng6 9. b4 Ngxe5 10. Nxe5 Nxe5 11. Nd2 Be7 12. f4 Nd7 13. g4 Be4 14. Nxe4 dxe4
15. Qc2 O-O 16. g5 a5 17. Qxe4 Qc7 18. Bd3 g6 19. Bb2 Rad8 20. Rad1 Nb8 21. Bc1
b6 22. Qe5 Qxe5 23. fxe5 axb4 24. cxb4 bxc5 25. b5 Nd7 26. a4 Nxe5 27. Be2 c4
28. Bf4 Nd3 29. Bxd3 cxd3 30. a5 Rd5 31. Rb1 Bxg5 32. Bxg5 Rxg5+ 33. Kf2 Rb8 34.
a6 Rf5+ 35. Ke3 Rxf1 36. Rxf1 Rxb5 37. Ra1 Rb8 38. Kxd3 e5 39. Kc4 e4 40. a7 Ra8
41. Kd5 f5 42. Kc6 e3 43. Kb7 Re8 44. a8=Q Rxa8 45. Kxa8 f4 46. Re1 Kf7 47. Kb7
Ke6 48. Kc6 Ke5 49. Kc5 Ke4 50. Kc4 f3 0-1

[Event "18th American Continental"]
[Site "Foz do Iguacu BRA"]
[Date "2025.05.26"]
[Round "6.72"]
[White "Gonzalez Culi, Diego"]
[Black "Mayeregger Gonzalez, Renata Valentina"]
[Result "1-0"]
[BlackTitle "WCM"]
[WhiteElo "2099"]
[BlackElo "1905"]
[WhiteFideId "3409520"]
[BlackFideId "3708900"]
[EventDate "2025.05.23"]

1. d4 c5 2. d5 e6 3. c4 exd5 4. cxd5 d6 5. Nc3 g6 6. Nf3 Bg7 7. Qa4+ Bd7 8. Qf4
Bf5 9. e4 Qc7 10. Bb5+ Bd7 11. Be2 a6 12. a4 Nf6 13. O-O O-O 14. Nd2 Ne8 15. Nc4
f5 16. Bf3 Bxc3 17. bxc3 Ra7 18. e5 dxe5 19. Nxe5 Nf6 20. c4 Be8 21. Bb2 b5 22.
axb5 axb5 23. d6 Qg7 24. d7 Rxa1 25. d8=Q Rxf1+ 26. Kxf1 Bd7 27. Qc7 g5 28. Qd2
bxc4 29. Nxd7 Nbxd7 30. Bxf6 Qxf6 31. Qdxd7 Qa1+ 32. Bd1 1-0

[Event "18th American Continental"]
[Site "Foz do Iguacu BRA"]
[Date "2025.05.26"]
[Round "6.73"]
[White "Prata, Paulo Roberto Santos"]
[Black "Barandiaran, Gabriel"]
[Result "1-0"]
[WhiteElo "2091"]
[BlackElo "1841"]
[WhiteFideId "2185806"]
[BlackFideId "3004694"]
[EventDate "2025.05.23"]

1. e4 e5 2. Nf3 Nc6 3. Bc4 Bc5 4. c3 Nf6 5. O-O d6 6. d4 exd4 7. cxd4 Bb6 8. h3
h6 9. Nc3 O-O 10. Re1 Re8 11. a3 a5 12. Qd3 Ne7 13. Bd2 c6 14. Rad1 d5 15. exd5
Bf5 16. Qf1 Nexd5 17. Na4 Bc7 18. Nc5 b6 19. Nd3 Ne4 20. Bc1 Qf6 21. Nde5 Rad8
22. Bd3 Ng5 23. Bxg5 hxg5 24. Bxf5 Qxf5 25. Nxc6 Rxe1 26. Rxe1 Rd6 27. Qc4 Re6
28. Rxe6 fxe6 29. Ne7+ Nxe7 30. Qxc7 Nd5 31. Qd8+ Kh7 32. Nxg5+ Kg6 33. Nf3 Qb1+
34. Kh2 Qxb2 35. Qg5+ Kh7 36. Qh5+ Kg8 37. Ng5 Qxf2 38. Qe8+ Qf8 39. Qxe6+ Kh8
40. Qxd5 Qf4+ 41. Kg1 Qc1+ 42. Kf2 Qd2+ 43. Kf3 Qd3+ 44. Kg4 g6 45. Qd8+ Kg7 46.
Qe7+ 1-0

[Event "18th American Continental"]
[Site "Foz do Iguacu BRA"]
[Date "2025.05.26"]
[Round "6.74"]
[White "Mariani, Kim Paul"]
[Black "Guimaraes, Marcelo Cunha"]
[Result "1/2-1/2"]
[WhiteElo "1828"]
[BlackElo "2064"]
[WhiteFideId "22779841"]
[BlackFideId "2118068"]
[EventDate "2025.05.23"]

1. e4 c5 2. c3 Nf6 3. e5 Nd5 4. g3 d6 5. exd6 Qxd6 6. Bg2 e6 7. Nf3 Be7 8. O-O
Nc6 9. Na3 O-O 10. d4 cxd4 11. Nxd4 Nxd4 12. Qxd4 a6 13. Re1 Rd8 14. Nc4 Qc7 15.
Ne3 Nb4 16. Qe4 Nd3 17. Rd1 Nxc1 18. Raxc1 Rxd1+ 19. Rxd1 Rb8 20. Re1 Bf8 21.
Rd1 Bd7 22. Nc4 Bc6 1/2-1/2

[Event "18th American Continental"]
[Site "Foz do Iguacu BRA"]
[Date "2025.05.26"]
[Round "6.75"]
[White "Markzon, Gregory"]
[Black "Pavoni, Felipe Stevanin"]
[Result "1-0"]
[WhiteTitle "FM"]
[WhiteElo "2056"]
[BlackElo "1868"]
[WhiteFideId "2003694"]
[BlackFideId "2189097"]
[EventDate "2025.05.23"]

1. e4 c5 2. Nf3 d6 3. d4 cxd4 4. Nxd4 Nf6 5. Nc3 a6 6. f4 e6 7. Be3 Be7 8. Bd3
Nbd7 9. O-O Nc5 10. Qf3 Nxd3 11. cxd3 O-O 12. g4 Ne8 13. f5 Bd7 14. Kh1 e5 15.
Nc2 Bc6 16. Nb4 Bg5 17. Nbd5 Bxe3 18. Qxe3 Nf6 19. Nb6 Nxg4 20. Qg1 Nf6 21. Nxa8
Qxa8 22. Qg2 Kh8 23. Rae1 b5 24. Kg1 b4 25. Ne2 d5 26. Ng3 Ng4 27. Nh5 Qa7+ 28.
Kh1 g6 29. fxg6 hxg6 30. Qxg4 1-0

[Event "18th American Continental"]
[Site "Foz do Iguacu BRA"]
[Date "2025.05.26"]
[Round "6.76"]
[White "Mayeregger Gonzalez, Fiorella Allegra"]
[Black "Izquierdo, Daniel"]
[Result "0-1"]
[WhiteTitle "WCM"]
[BlackTitle "FM"]
[WhiteElo "1867"]
[BlackElo "2053"]
[WhiteFideId "3708845"]
[BlackFideId "3000044"]
[EventDate "2025.05.23"]

1. e4 e5 2. Nf3 d6 3. d4 exd4 4. Nxd4 Nf6 5. Nc3 Be7 6. Bc4 O-O 7. O-O c6 8. Qf3
Nbd7 9. Nf5 Ne5 10. Nxe7+ Qxe7 11. Qe2 Re8 12. Bb3 Ng6 13. Re1 Be6 14. f3 b5 15.
Bd2 a5 16. Qf2 Nd7 17. Ne2 c5 18. Bxe6 fxe6 19. Rad1 b4 20. Ng3 Nb6 21. Bc1 Rf8
22. f4 Rad8 23. Nf1 Nxf4 24. Bxf4 e5 25. Ne3 exf4 26. Nf5 Qe5 27. Rd3 g6 28.
Nh6+ Kg7 29. Rh3 Rd7 30. Qh4 Kh8 31. Ng4 Qe7 32. Qh6 Qg7 33. Qh4 Nc4 34. Rf1 Nd2
35. Re1 Qe7 36. Qh6 Qg7 37. Qxg7+ Kxg7 38. Rd3 Nc4 39. e5 h5 40. e6 Re7 41. Nf2
Rfe8 42. Nh3 Rxe6 43. Rxe6 Rxe6 44. Nxf4 Re1+ 45. Kf2 Rc1 46. b3 Rxc2+ 47. Kg3
Nd2 48. Kh3 Rc3 49. Kg3 g5 50. Kf2 gxf4 51. Rxd2 c4 52. bxc4 Rxc4 53. Kf3 Kf7
54. Rd5 Rc5 55. Rd2 a4 56. Kxf4 Ke6 57. Rd4 Rb5 58. h3 b3 59. axb3 axb3 60. Rd1
b2 61. Rb1 Kd5 62. g4 hxg4 63. hxg4 Kc4 64. g5 Kc3 65. g6 Rb7 66. Kf5 Kc2 67.
Rg1 b1=Q 68. Rxb1 Rxb1 69. g7 Rg1 0-1

[Event "18th American Continental"]
[Site "Foz do Iguacu BRA"]
[Date "2025.05.26"]
[Round "6.77"]
[White "Nunes Jr, Sidney"]
[Black "Gomes, Maria Eduarda Papini"]
[Result "1-0"]
[WhiteElo "2034"]
[BlackElo "1858"]
[WhiteFideId "2128853"]
[BlackFideId "2158957"]
[EventDate "2025.05.23"]

1. d4 Nf6 2. c4 g6 3. Nc3 Bg7 4. e4 d6 5. Nf3 O-O 6. h3 c5 7. d5 Na6 8. a3 Nc7
9. Bd3 a6 10. a4 Rb8 11. a5 e6 12. O-O Bd7 13. Nh2 exd5 14. exd5 Bc8 15. Be3 Nd7
16. Qd2 Ne5 17. Be2 b5 18. axb6 Rxb6 19. f4 Nd7 20. Bd3 Re8 21. Bf2 Na8 22. Nf3
Rb3 23. Qc2 Qb6 24. Ra2 Qb8 25. f5 Ne5 26. Nxe5 Rxe5 27. fxg6 hxg6 28. Bg3 Re7
29. Bh4 Re8 30. Bxg6 fxg6 31. Qxg6 Rf8 32. Rxf8+ Kxf8 33. Ne4 Qc7 34. Ra1 Bd4+
35. Kh1 Qf7 36. Qxf7+ Kxf7 37. Nxd6+ 1-0

[Event "18th American Continental"]
[Site "Foz do Iguacu BRA"]
[Date "2025.05.26"]
[Round "6.78"]
[White "Luz, Jhonatan Rodrigues Da"]
[Black "Brandao, Renan Alves"]
[Result "0-1"]
[WhiteElo "1858"]
[BlackElo "2032"]
[WhiteFideId "2119501"]
[BlackFideId "2115905"]
[EventDate "2025.05.23"]

1. c4 Nf6 2. g3 c5 3. Bg2 d5 4. Nf3 Nc6 5. O-O d4 6. d3 e5 7. a3 a5 8. e3 Be7 9.
exd4 cxd4 10. Re1 Nd7 11. Nbd2 O-O 12. Nf1 Re8 13. Bd2 a4 14. Qc1 Bf8 15. Qd1
Qb6 16. Ng5 h6 17. Nf3 Qxb2 18. Qe2 Qb6 19. Reb1 Qc7 20. Be1 Nc5 21. N1d2 Bf5
22. Ne4 Bxe4 23. dxe4 Nb3 24. Ra2 Bc5 25. Nd2 Nca5 26. Nxb3 Nxb3 27. Qd3 Qd6 28.
Bf3 Bxa3 29. Bd1 Bc5 30. Bxb3 axb3 31. Qxb3 Rxa2 32. Qxa2 b6 33. Kg2 d3 34. Bd2
Qd4 35. Rf1 Qxe4+ 36. Kg1 Ra8 37. Qb3 Qe2 38. Qb2 Bd4 39. Qb4 Ra1 40. Rxa1 Qxf2+
41. Kh1 Qf3# 0-1

[Event "18th American Continental"]
[Site "Foz do Iguacu BRA"]
[Date "2025.05.26"]
[Round "6.79"]
[White "Montiel Caceres, Helen"]
[Black "Conor, Gilberto Bordignon"]
[Result "1-0"]
[WhiteTitle "WFM"]
[WhiteElo "1980"]
[BlackElo "1813"]
[WhiteFideId "3707121"]
[BlackFideId "22782770"]
[EventDate "2025.05.23"]

1. d4 Nf6 2. Nf3 g6 3. Bf4 Bg7 4. e3 c5 5. c3 d5 6. Na3 c4 7. Nb5 Na6 8. b3 cxb3
9. axb3 O-O 10. h3 Bd7 11. Ne5 Be8 12. Bd3 Qb6 13. Na3 Rc8 14. Rc1 Qa5 15. Nb1
Bb5 16. O-O Bxd3 17. Qxd3 Ne4 18. f3 Nd6 19. e4 f6 20. Ng4 f5 21. exf5 Nxf5 22.
Be5 Qb6 23. Nd2 Bxe5 24. Nxe5 Rc7 25. b4 Ng3 26. Rfe1 Rf5 27. Kh2 Nh5 28. Nf1 e6
29. Qd2 Ng7 30. Ne3 Rf8 31. N3g4 h5 32. Nxg6 hxg4 33. Nxf8 g3+ 34. Kxg3 Qd6+ 35.
Kf2 Qxf8 36. b5 Nb8 37. Qg5 Qe7 38. Qg4 Nd7 39. h4 Nf6 40. Qf4 Qf7 41. Ke2 b6
42. g4 Re7 43. Kd1 Qg6 44. Kd2 Qf7 45. h5 Ne4+ 46. Ke3 Qxf4+ 47. Kxf4 Rf7+ 48.
Ke3 Ng5 49. Rf1 Ne8 50. c4 Nd6 51. c5 Nc4+ 52. Ke2 bxc5 53. dxc5 e5 54. Rc3 Ne6
55. c6 Nd4+ 56. Kf2 Nxb5 57. Rd3 Nd4 58. Rb1 Rc7 59. Rb8+ Kh7 60. Rb7 Rxb7 61.
cxb7 Nc6 62. Rxd5 Kh6 63. Rc5 N4a5 64. Rxa5 1-0

[Event "18th American Continental"]
[Site "Foz do Iguacu BRA"]
[Date "2025.05.26"]
[Round "6.96"]
[White "Paredes Almada, Andres Joaquin"]
[Black "Moura, Bernardo Lalane Mascarenha"]
[Result "1/2-1/2"]
[WhiteElo "1670"]
[BlackElo "1854"]
[WhiteFideId "3713733"]
[BlackFideId "44704976"]
[EventDate "2025.05.23"]

1. e4 c5 2. Ne2 Nc6 3. g3 e6 4. Bg2 g6 5. O-O Bg7 6. c3 Nge7 7. d4 cxd4 8. cxd4
d5 9. e5 Qb6 10. b3 f6 11. exf6 Bxf6 12. Bb2 Nf5 13. Nbc3 O-O 14. Na4 Qb4 15. a3
Qd6 16. Qd3 b6 17. Rfd1 a5 18. Nac3 Nfxd4 19. Nxd5 Nxe2+ 20. Qxe2 exd5 21. Bxd5+
Kh8 22. Rd2 Ba6 23. Bc4 Bb7 24. Bf7 Qe7 25. Rd7 Qxf7 26. Rxf7 Rxf7 27. Bxf6+
Rxf6 28. Qb2 Rf8 29. g4 Kg8 30. Rc1 Rf4 31. h3 Nd4 32. Rc7 Nf3+ 33. Kf1 1/2-1/2

[Event "18th American Continental"]
[Site "Foz do Iguacu BRA"]
[Date "2025.05.26"]
[Round "6.97"]
[White "De Andrade, Arthur Batuli"]
[Black "Navarro Canete, Facundo Javier"]
[Result "1-0"]
[WhiteElo "1646"]
[BlackElo "1811"]
[WhiteFideId "22789820"]
[BlackFideId "3712532"]
[EventDate "2025.05.23"]

1. e4 c5 2. Nf3 Nc6 3. Bb5 g6 4. c3 Nf6 5. Bxc6 bxc6 6. e5 Nd5 7. c4 Nc7 8. Nc3
Bg7 9. d3 Ne6 10. O-O O-O 11. Re1 d6 12. exd6 exd6 13. Be3 Nd4 14. h3 Rb8 15.
Rb1 Bf5 16. Bxd4 cxd4 17. Ne2 c5 18. Ng3 Be6 19. Qd2 d5 20. b3 h6 21. Ne5 Qd6
22. Ng4 h5 23. Nh2 Rfe8 24. Nf3 Bd7 25. cxd5 Qxd5 26. Ne4 Bf5 27. Qc2 Bxe4 28.
dxe4 Qd6 29. Qd3 Qb6 30. Nd2 Qb4 31. Rec1 Bh6 32. Rc2 Rbc8 33. Nc4 Re6 34. a3
Qb7 35. e5 Qa6 36. b4 Qb7 37. Nd6 Rxd6 38. exd6 Bf8 39. Qb3 Rb8 40. Rxc5 Bxd6
41. Rc4 Be5 42. Qd3 Re8 43. Rc2 Qe7 44. Kf1 Qg5 45. Rc5 Qf6 46. Re1 Re6 47. Re4
Kg7 48. Qe2 h4 49. Rd5 Bf4 50. Rdxd4 Rxe4 51. Rxe4 Bg3 52. Re3 Bc7 53. Rf3 Qd6
54. g3 hxg3 55. fxg3 Bb6 56. Qd3 Qe5 57. Qc3 Bd4 58. Qc4 f6 59. Qc6 Bb6 60. Qd7+
Kh6 61. Qd2+ Kg7 62. Rd3 Qf5+ 63. Ke2 Qe4+ 64. Kd1 Qh1+ 65. Qe1 Qb7 66. Qd2 Qh1+
67. Kc2 Qe4 68. Kb2 Qe5+ 69. Ka2 Qe6+ 70. Kb1 Qe4 71. Kc1 g5 72. Rd7+ Kh6 73.
Qd3 Be3+ 74. Kd1 Qf3+ 75. Kc2 Qc6+ 76. Kb3 Qe6+ 77. Ka4 Qc6+ 1-0

[Event "18th American Continental"]
[Site "Foz do Iguacu BRA"]
[Date "2025.05.26"]
[Round "6.98"]
[White "De Fassio, Davi Dos Santos"]
[Black "Guimaraes, Felipe Pavanato"]
[Result "1-0"]
[WhiteElo "1796"]
[BlackElo "1523"]
[WhiteFideId "44705395"]
[BlackFideId "538009064"]
[EventDate "2025.05.23"]

1. d4 d6 2. e4 Nf6 3. Nc3 Nbd7 4. Nf3 e5 5. Bc4 h6 6. dxe5 dxe5 7. h3 c6 8. a4
Qa5 9. Be3 Qc7 10. Qd2 Be7 11. Nh4 g6 12. Nf3 b6 13. Bxh6 Bb7 14. Ng5 Rxh6 15.
Bxf7+ Kd8 16. Ne6+ 1-0